000
00346nam a2200133 a 4500
005
20140412111258.0
008
091205s19uu xx 00 eng d
020
_a
0-590-41239-6
050
_a
TR(PS E
_b
Ro71 1968
100
_a
Hutchins, Pat
245
_a
Rosie's Walk /
_c
Pat Hutchins.
260
_a
U.S.A :
_b
Scholastic,
_c
1968.
999
_c
103273
_d
103273